| 000 | 01679nam0a2200301 4500 | ||
|---|---|---|---|
| 001 | RU\NLR\BIBL_A\010001417 | ||
| 005 | 20250613195204.0 | ||
| 010 |
_a978-5-91503-270-4 _99000 |
||
| 021 |
_aRU _b2013-76862 _95292 |
||
| 035 | _a(NLR Aleph) 010001417 | ||
| 090 |
_a9796821 _c9796821 |
||
| 100 | _a20131105d2013 |||y0rusy50 ca | ||
| 101 | 0 |
_arus _aeng |
|
| 102 | _aRU | ||
| 105 | _ay ||||||||| | ||
| 200 | 1 |
_aEnglish grammar _eпрактическая грамматика английского языка _e[с ключами _eдля углубленного изучения] _fТатьяна Камянова |
|
| 205 | _a[Сокр. версия "Englisch Grammar: грамматика английского языка: теория и практика" (М., Дом Славянской Книги, 2013)] | ||
| 210 |
_aМ. _cДос Славянской Книги _d2013 |
||
| 210 |
_aМосква _cДом Славянской Книги _d2014 [т.е. 2013] |
||
| 215 |
_a447 с. _d26 |
||
| 300 | _aКн. фактически изд. в 2013 г. | ||
| 451 | 0 |
_12001#$aEnglisch Grammar: грамматика английского языка: теория и практика _1210##$aМ.$cДом Славянской Книги$d2013 _tEnglisch Grammar: грамматика английского языка: теория и практика |
|
| 606 | 1 |
_aАнглийский язык _jУчебные издания _9972309 _3RU\NLR\AUTH\6646032 |
|
| 686 | 1 | _aШ143.21-93рус | |
| 700 | 1 |
_4070 _7ca _8rus _aКамянова _bТ. Г. _gТатьяна Григорьевна _9147975 _3RU\NLR\AUTH\770148011 |
|
| 942 | _cBOOK | ||
| 980 | _aNB | ||